Complete the animated movie title p5 - Statistics

General Stats
  • This quiz has been taken 47 times
  • The average score is 14 of 15
Answer Stats
Hint Answer % Correct
A ____ Life Bug’s
100%
_____ Feet Happy
100%
All Dogs Go To ______ Heaven
100%
Madagascar: Europe’s most ______ Wanted
100%
A Troll in _______ Park Central
97%
Kiki’s ________ Service Delivery
97%
The ____ Before Time Land
94%
Shrek the _____ Third
94%
The ______ of Egypt Prince
91%
Shrek _______ After Forever
88%
Song of the ___ Sea
88%
Ant _____ Bully
82%
Howl’s moving ______ Castle
82%
Help! I’m a ____ Fish
82%
The Cat _______ Returns
73%
No matching quizzes found
Score Distribution
Percent of People with Each Score
Percentile by Number Answered
Your Score History
You have not taken this quiz